000 00987nam a2200265Ia 4500
003 OSt
005 20221005105104.0
006 a|||||r|||| 00| 0
007 ta
008 221004b |||||||| |||| 00| 0 hin d
020 _a9789380172163 (pbk)
_cINR 160.00
024 _a37639
037 _b1519, 21/02/2018, Bookwell
_cTextual
040 _aCRL
_cCRL
_bhin
041 _2hin
_ahin
082 _aV5.N5, 152Q5
100 _aगुप्ता, पार्थसारथी, ले.
245 0 _aयूरोप का इतिहास
246 _aYūrop kā itihāsa
260 _aदिल्ली
_bहिंदी माध्यम कार्यान्वय निदेशालय भारत
_c2015
300 _a797पृ0
_ccm.
650 _aयूरोप-इतिहास
942 _hV5.N5, 152Q5
_cTEXL
_2cc
999 _c1014711
_d1014711